Responses for Show #8810 - Friday, February 17, 2023

Stephen Webb game 3.

Contestants

[<< previous game]

Will Travis, an accountant from Irving, Texas

Laura Donegan, a physician from Towson, Maryland

Stephen Webb, a data scientist from Longmont, Colorado (whose 2-day cash winnings total $60,701)

[next game >>]

Jeopardy! Round responses

IN THE NATION'S CONSTITUTION
AROUND AMERICA
COOK, THE BOOKS
STAY COOL
THE CHAMPION'S LEAGUE
(Ken: You'll name the league.)
WORD & WORDPLUS
(Ken: Each response will be two words--a shorter one and then a longer expanded one, for example "rug" and "rugged".)
    $200 22
China

Will
    $200 28
a wood chipper

Stephen
    $200 30
flour

Laura
    $200 12
jazz

Stephen
    $200 1
(Ken: Yes, with the Raptors.)

the NBA

Stephen
    $200 3
pub & publish

Stephen
    $400 23
(Stephen: Where is Israel?)

Egypt

StephenWill
    $400 27
San Antonio

Laura
    $400 29
Trader Joe's

Stephen
    $400 11
Doritos

Will
    $400 6
(Ken: Yes, with the Seattle Storm?)

WNBA

Will
    $400 20
comp & competent

Will
    $600 24
Lebanon

Stephen
    $600 13
(Stephen: Who are the Pueblo?)
(Will: Who are the Anasazi?)
(Laura: Who are the Zuni?)
(Ken: [Chuckling] No, I'm sorry, no harm, no foul, none of you knew it was [*].)

the Navajo

StephenLauraWill
Triple Stumper
    $600 21
TikTok

Triple Stumper
    $600 7
an ice age

Laura
    $600 2
(Laura: [*]? What is [*]?)
(Ken: Yes, a Steelers great.)

the NFL

Laura
    $600 8
fan & fantasy

Stephen
    $800 25
Bosnia and Herzegovina

Stephen
    $800 14
Tranquility

Will
    $800 16
(Chrissy) Teigen

Stephen
    $800 9
West Side Story

Laura
    $800 5
(Laura: What is the... NASL?)
...
(Ken: The successor to the NASL, yes.)

MLS

StephenLaura
    $800 19
(Stephen: Uh, what is prop and...)

prop & propagate

StephenLaura
    $1000 26
Pakistan

Stephen
    $1,000 15
(Ken: That's correct, Poe passed away in [*].)

Baltimore

Will
    $1000 17
Fannie Farmer

Triple Stumper
    $1000 10
Elmore Leonard

Triple Stumper
    $1000 4
(Will: What is the NHL?)
...
(Ken: Thomson hit the home run that was the "shot heard 'round the world" for [*] pennant.)

the National League

Will
Triple Stumper
    $1000 18
mad & madrigal

Will

Scores at the first commercial break (after clue 15):

Stephen Laura Will
$1,400 $600 $1,000

Scores at the end of the Jeopardy! Round:

Stephen Laura Will
$4,000 $2,000 $3,000

Double Jeopardy! Round responses

MEMOIRS OF GOVERNMENT & POLITICS
MYTH CONGENIALITY
SCIENCE
ACTORS PLAYING PLAYWRIGHTS
TIME TO GO BIG
SOMETIMES A "LITTLE" IS ENOUGH
    $400 17
the EPA

Will
    $400 2
Pegasus

Stephen
    $400 6
(Laura: What is...)
...
(Ken: For Louis Pasteur.)

pasteurization

LauraWill
    $400 30
(Ken: [*] married to Marilyn Monroe, that's correct.)

(Arthur) Miller

Laura
    $400 15
Buenos Aires

Stephen
    $400 26
Little Red Riding Hood

Will
    $800 18
Secretary of Defense

Will
    $800 14
Isis

Laura
    $800 5
(Will: What is electricity?)
(Ken: More specifically?)

electric current

Will
    $800 29
(J.M.) Barrie

Will
    $800 22
Goliath

Laura
    $800 25
little pitchers have big ears

Triple Stumper
    $1200 19
Speaker of the House

Laura
    $6,000 12
(Will: Who is Narcissus?)

Adonis

Will
    $6,400 4
(Ken: As a scientist, will you wager big here?)

pressure

Stephen
    $1200 28
(Will: Who are Rodgers and Hammerstein?)

Gilbert & Sullivan

StephenWill
    $1200 8
a stretch limousine

Will
    $1200 23
Chicken Little

Stephen
    $1600 20
Meghan McCain

Will
    $1600 11
Balder

Will
    $1600 1
(Laura: What is Polaris?)

Sirius

LauraWill
    $1600 10
Oscar Wilde

Will
    $1600 7
a lazy river

Laura
    $1600 24
(Will: What is the Big Dipper?)

the Little Dipper

StephenWill
    $2000 21
Herding Cats

Stephen
    $2000 13
Vulcan

Stephen
    $2000 3
neutrinos

Stephen
    $2000 27
Marlowe

Will
    $2000 9
a Sitka spruce

Triple Stumper
    $2000 16
Little John

Stephen

Scores at the end of the Double Jeopardy! Round:

Stephen Laura Will
$23,200 $4,800 $7,400
(lock game)

[wagering suggestions for these scores]

Final Jeopardy! Round responses

NATIONAL PARKS
(Ken: Yes, that's literally what "pierre jaune" means in French.)
LauraWhat is?
$4,799
WillWhat is Yellowstone
$2,201
StephenWhat is???
$3,270
Yellowstone

Final scores:

Stephen Laura Will
$19,930 $1 $9,601
3-day champion: $80,631 3rd place: $1,000 2nd place: $2,000

Game dynamics:

Coryat scores:

Stephen Laura Will
$18,000 $4,800 $13,400
21 R
(including 1 DD),
3 W
11 R,
4 W
20 R
(including 1 DD),
5 W
(including 1 DD)

Combined Coryat: $36,200

[game clues] [game scores] [suggest correction]

Game tape date: 2022-12-15
The J! Archive is created by fans, for fans. Scraping, republication, monetization, and malicious use prohibited; this site may use cookies and collect identifying information. See terms. The Jeopardy! game show and all elements thereof, including but not limited to copyright and trademark thereto, are the property of Jeopardy Productions, Inc. and are protected under law. This website is not affiliated with, sponsored by, or operated by Jeopardy Productions, Inc. Join the discussion at JBoard.tv.